Unidimensional scaling (Record no. 3579)

MARC details
000 -LEADER
fixed length control field 00601nam a2200205Ia 4500
020 ## - INTERNATIONAL STANDARD BOOK NUMBER
ISBN 0-8039-1736-8
082 ## - DEWEY DECIMAL CLASSIFICATION NUMBER
Classification number 300.15195 MCI-;
100 ## - MAIN ENTRY--AUTHOR NAME
Personal name McIver, John P.
245 #0 - TITLE STATEMENT
Title Unidimensional scaling
260 ## - PUBLICATION, DISTRIBUTION, ETC. (IMPRINT)
Place of publication London
Name of publisher Sage Publications
Year of publication 1981
300 ## - PHYSICAL DESCRIPTION
Number of Pages 96p.
440 ## - SERIES STATEMENT/ADDED ENTRY--TITLE
Title Sage University paper series on quantitative applications in
504 ## - BIBLIOGRAPHY, ETC. NOTE
Bibliography, etc Includes bibliography
650 ## - SUBJECT ADDED ENTRY--TOPICAL TERM
Topical Term Social sciences - Statistical methods
650 ## - SUBJECT ADDED ENTRY--TOPICAL TERM
Topical Term Scaling (Social sciences)
650 ## - SUBJECT ADDED ENTRY--TOPICAL TERM
Topical Term Multidimensional scaling
700 ## - ADDED ENTRY--PERSONAL NAME
Personal name Carmines, Edward G.
700 ## - ADDED ENTRY--PERSONAL NAME
Personal name Lewis-Beck, Michael S.
942 ## - ADDED ENTRY ELEMENTS (KOHA)
Koha item type Books
Holdings
Withdrawn status Lost status Damaged status Not for loan Home library Current library Date acquired Bill Date Full call number Accession Number Price effective from Koha item type
        NASSDOC Library NASSDOC Library 09/09/2004 2004-10-05 300.15195 MCI-; 39745 18/04/2019 Books